Romský dějepis / Arne B. Mann
Autor zpracoval srozumitelný učební text o romských dějinách od 9. stol.až do současnosti. Sleduje putování Romů Evropou i postupný zánik kočovného způsobu života. Popisuje jejich tradiční zaměstnání, řeč, vztahy v rodinách i v širší romské pospolitosti. Soustřeďuje se i na zvyky a současné oboustranné snahy o vzájemné poznávání a porozumění mezi Romy a většinovými etniky. Jedna z kapitol je věnována romským obětem 2. světové války. Doplněno fotografiemi ze života Romů i portréty významných romských osobností. Pouchovv D2
Učebnice pro základní školy o dějinách Romů - převážně v českých zemích a na Slovensku.
Record details
- ISBN: 80-7168-762-6 (brož.) :
- Physical Description: 48 s. : il., mapy, portréty (některé barev.) ; 30 cm
- Edition: Vyd. 1.
- Publisher: Praha : Fortuna, 2001
Content descriptions
| General Note: | Část. romský text |
Available copies
- 1 of 1 copy available at Common Catalog SPOK.
Holds
- 0 current holds with 1 total copy.
Other Formats and Editions
Show Only Available Copies
| Location | Call Number / Copy Notes | Barcode | Shelving Location | Status | Due Date |
|---|---|---|---|---|---|
| Terezin Initiative Institute | 5140 | 4594305140 | Knihovna ITI | Available | - |
| LDR | 01942nam a2200421 a 4500 | ||
|---|---|---|---|
| 001 | 27497 | ||
| 003 | CZ-PrJAB | ||
| 005 | 20220903050706.0 | ||
| 008 | 020110s2001 xr abc gr 000 0 cze | ||
| 015 | . | ‡acnb001033241 | |
| 020 | . | ‡a80-7168-762-6 (brož.) : ‡cKč 139,00 | |
| 035 | . | ‡a(CONS)2316 | |
| 035 | . | ‡a(CZ PrSKC)cpk20011033241 | |
| 035 | . | ‡a(OCoLC)50343602 | |
| 040 | . | ‡aABA001 ‡bcze | |
| 041 | 0 | . | ‡acze ‡arom |
| 080 | . | ‡a93/94 ‡2MRF | |
| 080 | . | ‡a94(=214.58) ‡2MRF | |
| 080 | . | ‡a(437.3) ‡2MRF | |
| 080 | . | ‡a(075.2) ‡2MRF | |
| 100 | 1 | . | ‡aMann, Arne B., ‡d1952- ‡7xx0000392 ‡4aut |
| 245 | 1 | 0. | ‡aRomský dějepis / ‡cArne B. Mann |
| 250 | . | ‡aVyd. 1. | |
| 260 | . | ‡aPraha : ‡bFortuna, ‡c2001 | |
| 300 | . | ‡a48 s. : ‡bil., mapy, portréty (některé barev.) ; ‡c30 cm | |
| 500 | . | ‡aČást. romský text | |
| 520 | 9 | . | ‡aAutor zpracoval srozumitelný učební text o romských dějinách od 9. stol.až do současnosti. Sleduje putování Romů Evropou i postupný zánik kočovného způsobu života. Popisuje jejich tradiční zaměstnání, řeč, vztahy v rodinách i v širší romské pospolitosti. Soustřeďuje se i na zvyky a současné oboustranné snahy o vzájemné poznávání a porozumění mezi Romy a většinovými etniky. Jedna z kapitol je věnována romským obětem 2. světové války. Doplněno fotografiemi ze života Romů i portréty významných romských osobností. Pouchovv D2 |
| 520 | 9 | . | ‡aUčebnice pro základní školy o dějinách Romů - převážně v českých zemích a na Slovensku. |
| 852 | 4 | . | ‡bJACH-ITI ‡bJACH-ITI ‡cKnihovna ITI ‡j5140 ‡p5140 ‡y$0.00 |
| 910 | . | ‡aABE340 ‡b5140 | |
| 995 | . | ‡askok | |
| 901 | . | ‡a27497 ‡bUnknown ‡c27497 ‡tbiblio | |